01581nam a22003617a 4500003000500000005001700005008004100022010001000063011001000073035001000083040000900093090001000102100004900112245025600161260004100417300002100458502010000479590003700579590004100616590004100657590004100698590004200739650005500781650007000836650004200906650004200948901000700990905002600997942001001023949004201033999001701075952012701092CHAP20220329142151.0000126d1993 mx r 00110 spa d a79496 a80468 a90919 cCHAP aTesis00aMartínez Arredondo, Carlos Alberto.97181810aGeneración de variabilidad en chile Capsicum annuum L. para resistencia a enfermedades virales :bvirus jaspeado del tabaco (VIT), virus mosaico del pepino (VMP), por el método de mutagénesis radinducidac/por Carlos Alberto Martínez Arredondo aChapingo, Méx. :bEl autor,c1993. a59 h. :bcuadros aTesis (Ing. Agr. Fitotecnista) -- Universidad de Guanajuato. Escuela de Agronomía y Zootecnia aALEPHb10c20130110lUCH01h1431 aBATCH-UPDb10c20130110lUCH01h1654 aBATCH-UPDb10c20130410lUCH01h1043 aBATCH-UPDb10c20130914lUCH01h0924 aCONVERSIONb10c20130109lUCH01h134414aChile (Botánica)xEnfermedades por virus.92235614aChile (Botánica)xVariedades resistentes a enfermedades.92239414aVirus del mosaico del pepino.911996314aVirus del mosaico del tabaco.9119964 aBK aAlejandra Carrasco M. cTESIS bBCcTESd909191eTS1h34047i90919sb c79496d79496 00102local4051708TESISaBCbBCcPA_TESISd2019-12-31fTESISl0oTesisp909191r2019-12-31 00:00:00w2019-12-31yTESIS